Krizový management pro malé a střední podniky /

Salvato in:
Dettagli Bibliografici
Autore principale: Mikušová, Marie (Autore)
Natura: Libro
Lingua:ceco
Pubblicazione: Bratislava Wolters Kluwer 2014
Edizione:1. vyd.
Serie:Ekonómia 515.
Soggetti:
Tags: Aggiungi Tag
Nessun Tag, puoi essere il primo ad aggiungerne!!

MARC

LEADER 00000nam a22000003a 4500
001 0070879
003 SK-STU
005 20190117085102.2
007 ta
008 190117s ----xo-----e------000-0-----d
020 |a 978-80-8168-106-6 
040 |a STU  |b slo 
041 0 |a cze 
044 |a xo 
100 1 |a Mikušová, Marie  |4 aut 
245 1 0 |a Krizový management pro malé a střední podniky /  |c aut. Marie Mikušová 
250 |a 1. vyd. 
260 |a Bratislava  |b Wolters Kluwer  |c 2014 
300 |a 307 s. 
490 0 |a Ekonómia  |v 515. 
650 0 7 |a krízový manažment 
650 0 7 |a malé a stredné podniky 
996 |b 284M088095  |c M* 14226-1  |l MMST  |s A  |a 24  |w 0070879_0001